Les crimes de l'Anglaterre / (Record no. 51386)

MARC details
000 -LEADER
campo de control de longitud fija 00649nam a2200181 i 4500
001 - NÚMERO DE CONTROL
campo de control 51386
003 - IDENTIFICADOR DE NÚMERO DE CONTROL
campo de control ES-MaACL
007 - CAMPO FIJO DE DESCRIPCIÓN FÍSICA--INFORMACIÓN GENERAL
campo de control de longitud fija t|
008 - DATOS DE LONGITUD FIJA--INFORMACIÓN GENERAL
campo de control de longitud fija 030812s1916 fr ||||1| fre d
100 0# - ENTRADA PRINCIPAL--NOMBRE DE PERSONA
Nombre de persona Chesterton, G. K.,
Fechas asociadas al nombre 1874-1936
9 (RLIN) 38399
245 14 - MENCIÓN DEL TÍTULO
Título Les crimes de l'Anglaterre /
Mención de responsabilidad, etc. G.K. Chesterton ; introduction de Charles Sarolea ; traduction de Charles Grolleau.
260 ## - PUBLICACIÓN, DISTRIBUCIÓN, ETC.
Lugar de publicación, distribución, etc. París :
Nombre del editor, distribuidor, etc. Georges Cres et Cie,
Fecha de publicación, distribución, etc. [1916] (
Lugar de fabricación/manufactura Tours :
Fabricante E. Arrault et Cie)
300 ## - DESCRIPCIÓN FÍSICA
Extensión 273 p. :
Otras características físicas 1 retr. aut. ;
Dimensiones 21 cm.
700 1# - ENTRADA AGREGADA--NOMBRE PERSONAL
Nombre de persona Sarolea, Charles.
9 (RLIN) 103841
700 1# - ENTRADA AGREGADA--NOMBRE PERSONAL
Nombre de persona Grolleau, Charles.
9 (RLIN) 60120
852 ## - LOCALIZACIÓN
Ubicación ES-MaACL
Número de control de estantería G-6311
Holdings
Estatus retirado Estado de pérdida Estado de daño No para préstamo Biblioteca de origen Biblioteca actual Ubicación en estantería Fecha de adquisición Fuente de adquisición Total de préstamos Signatura topográfica completa Código de barras Visto por última vez Precio de reemplazo Tipo de ítem Koha
        Biblioteca del Ateneo de Madrid Biblioteca del Ateneo de Madrid Depósito 2 17/01/2008     G-6311 1054044 23/02/2023 23/02/2023 Libro impreso